000 00238nam a2200097Ia 4500
008 230508s2005 xx 000 0 und d
041 _aeng
100 _aPHAKATKAR H.G
245 _aTHEORY OF MACHINES II
260 _bNIRALI PUBLI.PUNE
_c2005
999 _c342384
_d342384